Arboles urbanos : (Registro nro. 3468)

Detalles MARC
000 -CABECERA
Campo de control 00866nam a2200265 a 4500
005 - FECHA Y HORA DE LA ULTIMA TRANSACCION
Campo de control 20180803165106.0
008 - ELEMENTOS DE LONGITUD FIJA—INFORMACION GENERAL
Campo de control 140311s2002 ck o fr|||| 001 0 spa d
020 ## - ISBN
ISBN 9583339865
040 ## - FUENTE DE CATALOGACIÓN
Agencia catalogadora original CO-BoIAVH
Agencia transcriptora CO-BoIAVH
041 0# - IDIOMA
Código de idioma para texto/pista de sonido o título separado Español
044 ## - PAÍS DE PUBLICACIÓN
País de publicación Colombia
082 04 - NUMERO DE CLASIFICACION DECIMAL DEWEY
Número de clasificación 582.16
Número del ítem V31a
100 1# - ASIENTO PRINCIPAL--NOMBRE PERSONAL
Nombre personal Varón P., Teresita
9 (RLIN) 20116
245 10 - MENCION DE TITULO
Título Arboles urbanos :
Parte restante del título las especies más comunes descritas e ilustradas
250 ## - MENCION DE EDICION
Mención de edición Primera edición
260 ## - PUBLICACION, DISTRIBUCION, ETC. (PIE DE IMPRENTA)
Lugar de publicación, distribución, etc. Medellín :
Nombre del editor, distribuidor, etc. CORANTIOQUIA ,
Fecha de publicación, distribución, etc. 2002.
300 ## - DESCRIPCION FISICA
Extensión 143 páginas :
Otros detalles físicos Fotografías ;
Dimensiones 22 x 12 cm.
504 ## - NOTA DE BIBLIOGRAFIA, ETC.
Nota de bibliografía Incluye referencias bibliográficas página 143.
650 16 - ASIENTO SECUNDARIO DE MATERIA - TERMINO TEMATICO
Término temático o nombre geográfico como elemento de entrada Arboles urbanos
Subdivisión de forma Fotografías
Subdivisión geográfica Antioquía (Colombia)
9 (RLIN) 59422
650 26 - ASIENTO SECUNDARIO DE MATERIA - TERMINO TEMATICO
Término temático o nombre geográfico como elemento de entrada Taxonomía
9 (RLIN) 59423
650 26 - ASIENTO SECUNDARIO DE MATERIA - TERMINO TEMATICO
Término temático o nombre geográfico como elemento de entrada Inventarios
9 (RLIN) 92201
700 1# - ASIENTO SECUNDARIO - NOMBRE PERSONAL
Nombre personal Morales S., León
9 (RLIN) 20117
700 1# - ASIENTO SECUNDARIO - NOMBRE PERSONAL
Nombre personal Londoño F., J. Alberto
9 (RLIN) 20118
942 ## - ELEMENTOS ADICIONALES (KOHA)
Sistema de clasificación Dewey Decimal Classification
Tipo de ítem Libro
Existencias
Withdrawn status Lost status Sistema de Clasificación Damaged status No para préstamo Colección Inventariado Ubicación Permanente Ubicación actual Fecha de adquisición Fuente de Valor Valor Total Checkouts Número topográfico Inventario / Código de Barras Date last seen Date checked out Ejemplar Price effective from Tipo de material
    Dewey Decimal Classification     General Inventariado 2017 Bogotá Bogotá 04/12/2012 Instituto 15000.00 1 LB-582.16 V31a 003759 11/10/2019 11/10/2019 Ej. 1 04/12/2012 Libro